The space encyclopaedia : (Record no. 136181)

MARC details
000 -LEADER
fixed length control field 00615nam a22001937a 4500
010 ## - LIBRARY OF CONGRESS CONTROL NUMBER
LC control number 182424
035 ## - SYSTEM CONTROL NUMBER
System control number 182424
037 ## - SOURCE OF ACQUISITION
Stock number Cen Lib/Ret
040 ## - CATALOGING SOURCE
Original cataloging agency DPL
Language of cataloging EN
082 ## - DEWEY DECIMAL CLASSIFICATION NUMBER
Classification number 629.1435303
Item number SPA
245 ## - TITLE STATEMENT
Title The space encyclopaedia :
Remainder of title a guide to astronomy and space research /
250 ## - EDITION STATEMENT
Edition statement new. rev. ed.
260 ## - PUBLICATION, DISTRIBUTION, ETC. (IMPRINT)
Place of publication, distribution, etc New York
Name of publisher, distributor, etc E.P Dutton & Co.
Date of publication, distribution, etc 1960
270 ## - ADDRESS
Address E.P Dutton & Co.
City New York
300 ## - PHYSICAL DESCRIPTION
Extent 288p.
Other physical details 24cm(Hb)
650 ## - SUBJECT ADDED ENTRY--TOPICAL TERM
Topical term or geographic name as entry element Encyclopedias and dictionaries -- Databases.
9 (RLIN) 113267
650 ## - SUBJECT ADDED ENTRY--TOPICAL TERM
Topical term or geographic name as entry element Encyclopedias and dictionaries.
9 (RLIN) 35853
942 ## - ADDED ENTRY ELEMENTS (KOHA)
Source of classification or shelving scheme Dewey Decimal Classification
Koha item type English Books
Classification part 629.1435303
Call number suffix SPA
Holdings
Withdrawn status Lost status Damaged status Not for loan Home library Current library Date acquired Source of acquisition Total Checkouts Full call number Barcode Date last seen Copy number Price effective from Koha item type
        Central Library Central Library 23/12/2015 Cen Lib/Ret   629.1435303 SPA 182424 23/12/2015 1 23/12/2015 English Books

© Delhi Public Library
Hit Counter
free hit counter